01115nam a2200277 a 4500001001000000003000400010005001700014008004100031020001800072040002500090082001600115100004000131245014000171250001100311260011600322300002100438490001900459500005700478500007300535504003200608590002600640830002600666942001400692952011400706999001700820000048452Ost20210504065241.0190321s2015 dr r 000 0 spa d a9789945080803 aDO-SdBNPbspacBNPHU axxxxbV722r1 aVillarini Jusino, Ángel R.96453610aRevolución es creación :breflexiones en torno a la práctica político-educación de Juan Bosch /cÁngel R. Villarini Jusino. a2a ed. aSanto Domingo :bFundación Juan Bosch,bOrganización para el fomento del desarrollo del pensamiento,c2015. a383 p. ;c23 cm.1 aBosch vivev11 aIncluye datos biográficos del autor en las solapas aIncluye referencias bibliográficas y notas al pie de las páginas aBibliografía : p. 371-383 aInventariado, 2019/BT 0aBosch viven11975869 2ddccLBS1 0010718PDaPDbPDcHDd2019-03-21iLF1l0oxxxx V722rp48452-10r2020-06-25w2020-06-25yLFPDZNo se presta c47940d47940